[Event "Bermuda"]
[Site "Bermuda"]
[Date "2005.02.02"]
[Round "4"]
[White "Harikrishna, Pentala"]
[Black "Macieja, Bartlomiej"]
[Result "1-0"]
[WhiteElo "2632"]
[BlackElo "2618"]
[Annotator "Golod,V"]
[PlyCount "73"]
[EventDate "2005.01.30"]
[EventType "tourn"]
[EventRounds "10"]
[EventCountry "BER"]
[EventCategory "17"]
[SourceTitle "CBM 106"]
[Source "ChessBase"]
[SourceDate "2005.06.06"]
[SourceVersion "1"]
[SourceVersionDate "2005.06.06"]
[SourceQuality "1"]

1. d4 Nf6 2. c4 e6 3. Nc3 Bb4 4. Qc2 c5 5. dxc5 O-O 6. a3 Bxc5 7. Nf3 b6 8. Bf4
Nc6 {This move became very popular in the last five years.} ({The main
alternative continuations are:} 8... Nh5) ({and} 8... Bb7) 9. Rd1 Bb7 10. e4
Ne7 11. h3 Ng6 12. Bh2 Nh5 13. Qd2 f5 $5 $146 {All of Black's pieces are
looking at the white's kingside, that's why this move looks quite logical. It
is also tactically sound. Comments to this part of the game and also to:} (
13... Nf6 $5 14. Qc2 Nh5 15. Qd2 Nf6 16. b4 {You can find in my annotations to
game: Bareev,E-Ivanchuk,V/Rethymnon,2003/CBM 98(0-1)(41)}) 14. exf5 $2 {
White couldn't see the nuances of the position. Exchanging the queens was a
necessary, to prevent black's attack:} (14. Qxd7 $5 Qxd7 15. Rxd7 Bc6 (15...
fxe4 $5 16. Rxb7 exf3 17. Ne4 fxg2 18. Bxg2 Nhf4 19. O-O Bd4 $11) 16. Rd2 fxe4
17. Nd4 Bxd4 18. Rxd4 Nhf4 $1 $13) ({Of course this couldn't be good for White:
} 14. e5 {in view of:} Bxf3 15. gxf3 a5 16. Qxd7 $140 Qxd7 17. Rxd7 f4 $1 {
/\Nxe5|^}) 14... Bxf3 $1 {Black immediately disassembles white's pawn
structure and begins attacking it.} 15. gxf3 $140 Nh4 16. Be2 Qf6 $1 {Black
brings out the heavy artillery! After a long analysis, I realized, that this
was stronger, than an obvious continuation:} (16... Rxf5 $143 17. b4 (17. Qxd7
Qf6 18. Ne4 Qxb2 19. Qxe6+ Kh8 20. Nxc5 Nxf3+ 21. Bxf3 Qc3+ $1 22. Rd2 Qxf3 23.
Qe4 bxc5 24. Qxf3 Rxf3 {at minimum, Black is not standing worse!}) 17... Bf8 (
17... Rxf3 $143 18. bxc5 Ng2+ 19. Kf1 Ne3+ 20. Ke1 $1 (20. Qxe3 $2 Rxe3 21.
fxe3 Qf6+ 22. Kg2 Qxc3 23. Bxh5 Qb2+ 24. Kg1 Qxa3 $15 {[%csl Rc5,Re3]}) 20...
Ng2+ 21. Kf1 Ne3+ $11) 18. Qxd7 $140 Nxf3+ 19. Bxf3 Qxd7 20. Rxd7 Rxf3 21. Be5
a5 $15) 17. Qd3 {White is preparing a way out for his king.} ({Leads to
immediate disaster:} 17. b4 $2 Be7 18. Rg1 Qxf5 19. Qxd7 $140 Nxf3+ 20. Bxf3
Qxf3 $17) 17... Ng2+ 18. Kd2 ({Hardly it was better:} 18. Kf1 Nhf4 19. Qxd7
Qxf5 $17) 18... Nhf4 {Black got everything he possibly could in this position.
All of pieces are ideally placed.} 19. Bxf4 {White can't stand black's knights
on "g2" and "f4".} Nxf4 20. Qe4 (20. Qc2 $143 Rad8 $17 21. Kc1 $140 $2 {
[%tqu "En","Find the killer move!","","","c5a3","",10]} Bxa3 $1 22. fxe6 (22.
bxa3 Qxc3 $1 23. Qxc3 Nxe2+ 24. Kb2 Nxc3 25. Kxc3 Rxf5 $19) 22... Qxc3 $1 23.
Qxc3 Nxe2+ 24. Kc2 Nxc3 25. bxa3 Nxd1 26. e7 Nxf2 27. exd8=Q Rxd8 28. Rh2 Rc8
29. Rxf2 Rxc4+ $19) 20... Qh6 {Black had more interesting continuations:} (
20... Qxf5 $1 21. Qxf5 (21. Kc1 d5 $1 22. Qxf5 Rxf5 $17) 21... Rxf5 22. b4 (22.
Rdf1 $143 Bd4) 22... Bxf2 23. Ne4 Bd4 $17) ({or} 20... Qh4 $5 21. Kc1 (21. fxe6
$140 $2 Rae8 22. Kc1 Rxe6 23. Qc2 Nxe2+ 24. Nxe2 Rxf3 $19) 21... exf5 22. Qc2
Rae8 $17) 21. Kc2 Rae8 22. Kb1 {White has managed to hide his king, but if you
look closely at the position, you can see that Harikrishna is long from
solving all of his problems: the white pawn structure on the king side
resembles the ruins of a old city, the black pieces are more actively standing.
} exf5 $6 {A dull choice. Black gained an advantage with this continuation:} (
22... d5 $1 23. Qc2 (23. cxd5 exd5 24. Qc2 Qh5 $17) 23... Nxe2 24. Qxe2 exf5
25. Qd3 dxc4 26. Qxc4+ Kh8 27. Rd7 Bxf2 $17 {[%csl Rc4,Yf2][%cal Gb6b5]}) 23.
Qc2 Bxf2 {These two continuations also lead to a small advantage:} (23... Nxe2
24. Nxe2 Qc6 25. Rd5 Bxf2 26. Rhd1 $15) (23... Qc6 $5 24. Bd3 g6 25. Nd5 Nxd5
26. cxd5 Qd6 27. h4 $15) 24. Bd3 $15 Nxd3 ({I don't believe it was good to
immediately give away his extra pawn:} 24... Bd4 $6 25. Nb5 Be5 26. Nxa7 Qh5
27. Nb5 $15) 25. Rxd3 Re1+ $2 {Black has obviously lost the edge in this game.
After this exchange, Black can't even consider any advantage here.} (25... Be3
$1 26. Rxd7 $140 Qc6 {[%csl Rc4,Rd7,Rf3]} 27. Qd1 (27. Qd3 $6 Qxf3 28. Rg1 g6
29. Nd5 Qe4 $1 30. Qxe4 Rxe4 $17) 27... Qxc4 28. Rxa7 $15) 26. Rxe1 Bxe1 27.
Rxd7 Qxh3 $6 {It was the last straw. Black needed to think about how to
equalize this position.} (27... Qc6 $1 28. Re7 (28. Rxa7 $5 Qxf3 $13) 28...
Bxc3 29. Qxc3 Rf7 $11) 28. Qd1 Qh4 (28... Bxc3 $4 29. Qd5+ Kh8 30. Rd8 $18) 29.
Qd5+ Kh8 30. Nb5 $1 $14 {[%csl Gb5,Rh8][%cal Gb5d6,Gd6f7] White puts his
knight back in the game. And the picture has instantly changed from the last
10 moves. Nothing left from Black's advantage. Now he needs to defend himself.}
h5 $2 (30... Qf6 $5 31. Nd4 h6 32. Ne6 Rg8 (32... Rf7 $2 33. Rd6 $1 Qe7 (33...
Bg3 34. Nd8 $1 Bxd6 35. Nxf7+ Kh7 36. Nxd6 $18) 34. Nf4 Kh7 35. Re6 Qh4 36. Ng2
$18) 33. Rxa7 Bf2 $14) 31. Nd6 $2 {White doesn't utilise his opponent's
decisive mistake. This won on the spot:} (31. Qe5 $1 {[%csl Re1,Rg7]} Qg3 (
31... Rf6 32. Nd6 Bg3 33. Qe8+ Kh7 34. Nf7 $18) (31... Rg8 32. Nd6 $18) 32. Qe7
Kg8 $8 (32... Rg8 $2 33. Nd6 Bf2 34. Nf7+ Kh7 35. Ng5+ {with an easy win in
all variations!}) 33. Nd4 Bf2 34. Ne6 Bc5 35. Qxg7+ Qxg7 36. Rxg7+ Kh8 37. Rg5
Rf6 38. Rxh5+ Kg8 39. Nxc5 bxc5 40. Kc2 $18) 31... Qf4 $2 {I think that
Bartlomiej Macieja became very upset with the circumstances of his game, which
changed the advantage of the game from black to white. That's the only way I
can explain his next serious error.} (31... Qf6 32. Nf7+ Kh7 33. f4 Bh4 34.
Rxa7 Re8 $16) 32. Qe6 $18 {That's it! All of white's pieces have invaded
black's side.} Bh4 33. Qg6 $1 {This time White doesn't miss any chance given
to him. He develops a very strong attack, which immediately ends the game in
his favour.} Bf6 (33... Qg5 $142 34. Nf7+ Rxf7 35. Qxf7 Kh7 36. Rxa7 Qg6 37.
Qd5 Bf6 38. Ka2 h4 39. Ra8 $18 {[%csl Rh7]}) 34. Qxh5+ Kg8 35. Nxf5 {Black
doesn't have any more defense against white's direct threats.} Rc8 $2 (35...
Qe5 $142 36. Ne7+ Qxe7 37. Rxe7 Bxe7 38. Qd5+ Rf7 39. b4 $18) (35... Qg5 $2 36.
Qxg5 Bxg5 37. Rxg7+ Kh8 38. Rxg5) 36. Qg6 (36. Rxg7+ $1 Bxg7 37. Ne7+ Kf8 38.
Ng6+) 36... Qe5 (36... Rc7 37. Nxg7 Rxd7 38. Ne6+ Rg7 39. Qe8+) (36... Kh8 37.
Rxg7) 37. Nh6+ {Now Black gets mated in one move, or will have to give up his
queen. This game was quite interesting, despite the amount of errors the
players made.} 1-0

[Event "Sarajevo Bosnia 34th"]
[Site "Sarajevo"]
[Date "2004.05.26"]
[Round "8"]
[White "Sokolov, Ivan"]
[Black "Kurajica, Bojan"]
[Result "1-0"]
[WhiteElo "2690"]
[BlackElo "2540"]
[Annotator "Golod,V"]
[PlyCount "99"]
[EventDate "2004.05.18"]
[EventType "tourn"]
[EventRounds "9"]
[EventCountry "BIH"]
[EventCategory "15"]
[SourceTitle "CBM 101"]
[Source "ChessBase"]
[SourceDate "2004.07.27"]
[SourceVersion "1"]
[SourceVersionDate "2004.07.27"]
[SourceQuality "1"]

1. d4 Nf6 2. c4 e6 3. Nc3 Bb4 4. Qc2 c5 5. dxc5 O-O 6. a3 Bxc5 7. Nf3 b6 8. Bg5
Bb7 9. e4 h6 10. Bh4 Be7 11. Rd1 Nh5 12. Bg3 {White's idea is to get an
activity on <-> "h" for his rook.} ({The main line is:} 12. Bxe7 $5 {For
further information,you can see my comments to Shipov,S-Shneider,A/Port Erin,
1999/CBM 74/(1/2-1/2)(24)}) 12... Nc6 ({GM Bartlomiej Macieja, European
champion in 2002, considered one of the best experts in this variation,has
tried twice:} 12... a6 $5 {It can be recommended to see his comments to
Kortschnoj,V-Macieja,B/Bled,2002(0-1)(60)} 13. e5 $5 $13 {Was played by Merab
Gagunashvilli against the same Bartlomiej,and led to complicated position.})
13. e5 $5 $146 {[%csl Rd6,Ge5][%cal Gc3e4,Ge4d6] A little bit agressive,but a
logical move.White prevents future Ng3-d6 idea,and plans to bring his knight
to d6.} ({In only one game that reached this position was:} 13. Be2 a6 ({
In this redaction worse is:} 13... Nxg3 $6 14. hxg3 a6 15. e5 $36 {[%csl Rg8,
Gh1][%cal Gg3g4,Gg4g5]}) 14. O-O $6 (14. e5 $5) 14... Nxg3 15. hxg3 Qc7 $1 16.
Rd2 Rac8 17. Rfd1 d6 {=/=/+ Black is at least ok... Sakaev,K-Van Wely,L/
Panormo,2002(1-0)(70)}) 13... Rc8 $1 ({Also playable, but worse is:} 13... a6 {
[%cal Ya6b5,Gf7f5]} 14. Ne4 (14. Bd3 $5) 14... f5 (14... Ra7 $143 $6 15. Be2 $1
{/\Nfg5 +/=}) 15. exf6 Nxf6 16. Nd6 Bxd6 17. Bxd6 Ne7 {/\Ne4 ~~}) 14. Be2 $6 {
[%csl Gc2,Ge2,Rg8,Rh5][%cal Gf3g5]} ({From my point of view,it was better:} 14.
Qd3 $5 {[%csl Rd7]} Nxg3 ({Too passive is:} 14... Nb8 15. Ne4 $14) 15. hxg3 Qc7
16. Rh5 $36) 14... f5 $6 {The right decision was to attack white's position,
until his pieces still undeveloped:} (14... Na5 $1 15. Nb5 (15. b3 $2 Bxa3 16.
Bh4 Be7 17. Bxe7 Qxe7 18. Nb5 Nf4 $15) (15. Ne4 Nxc4 $1 16. Bxc4 $140 b5 17.
Rd4 bxc4 18. Rxc4 Rxc4 19. Qxc4 Qa8 $1 $36 20. Nfd2 $140 $2 Rc8 $19) (15. Rd4
$2 Bxf3 16. Bxf3 Nxg3 17. hxg3 Nxc4 $17) 15... a6 16. Nd6 Bxd6 17. Rxd6 Nxg3
18. hxg3 Bd5 $1 {[%csl Rc4,Rd6][%cal Ga5b7]} 19. Rh4 $5 Nb7 20. Rxd5 $1 {
The best moment to make the sacrifice,when black's knight is far away:} exd5
21. Qf5 {/\Bd3} dxc4 (21... d6 $2 22. Bd3 g6 23. Qf4 $18) 22. Bxc4 Rxc4 $1 {
Well done re-sacrifice!} 23. Rxc4 d6 $15 {[%csl Re1]}) 15. exf6 Bxf6 (15...
Nxf6 $143 16. O-O $14) 16. Nb5 {><d6} Ba8 $6 ({In my opinion,obviously better:
} 16... Nxg3 $5 17. hxg3 d5 18. Qg6 {/\Bd3} Ne7 19. Qg4 Nf5 $1 $13 {This
position is very unclear and have to tested more in practice.}) 17. Qg6 Nxg3
18. hxg3 Ne7 19. Qg4 {[%csl Re6,Yg4]} a6 ({Seems logical,but leads to unclear
consequences:} 19... Bxb2 20. Rd2 Bf6 21. Rxh6 Nf5 22. Rh1 a6 23. Nd6 $8 (23.
Nbd4 $2 Bxf3 24. Nxf3 Bc3 $19) 23... Nxd6 24. Rxd6 Qc7 25. Rd1 $36 {[%cal
Ge2d3,Gg4g6] Although Black has a better pawn structure,white's pieces may
develop strong attack on the king,so in this position I would prefer to play
for White.}) 20. Nd6 Rc6 21. Ne4 ({Less accurate is:} 21. b4 Nf5 (21... Bc3+
22. Kf1 Nf5 $13) 22. Ne4 (22. Nxf5 $143 exf5 23. Qf4 Re6 $1 $15) 22... Rc7 {
- transfers to the game}) (21. Rxh6 $2 {is refuted by:} Nf5 $1 22. Rxf6 Qxf6
$17) 21... Nf5 ({Too dangerous is:} 21... Bxb2 22. Rxh6 Nf5 23. Rh3 $40) 22. b4
$13 (22. Nxf6+ $6 Qxf6 23. Rd2 (23. Rxd7 $2 Qxb2 $17 {[%csl Re1]}) 23... b5 $1
$15) (22. Rd2 {/\0-0 =}) 22... Rc7 (22... Bb2 $5 23. Rb1 Bxa3 24. Rb3 d5 25.
Rxa3 dxe4 26. Qxe4 $13) 23. Bd3 $6 {It was better to simplify the position and
achieve an equal endgame:} (23. Nxf6+ Qxf6 24. Qf4 Qc3+ 25. Qd2 Qxd2+ (25...
Qxa3 $2 26. g4 Ne7 27. Qd6 $16) (25... Qf6 $143 26. Qf4 {+/=/=}) 26. Rxd2 $11)
23... Bxe4 $6 {Strange decision.Bojan Kurajica gives up his two bishops
advantage,instead of trying to use them.And now,after Bojan has protected Ph6,
He could go for the pawn:} (23... Bb2 $1 24. Rb1 (24. a4 $143 Qe7 {[%csl Rb4]})
24... Bxa3 25. Rb3 d5 $1 26. Ned2 Bc1 $15) 24. Qxe4 Bc3+ 25. Kf1 Qf6 26. g4 Nd6
27. Qh7+ Kf7 28. Rh5 $1 {[%csl Gd3,Yh5][%cal Yh5a5,Gc4c5] Nice move.Finally,
White has completed the idea of 12.Bg3.} ({Useless is:} 28. c5 $2 bxc5 29. Bxa6
e5 $1 {[%cal Yf6d6,Gf7e7,Gc3d4,Ge5e4]} 30. Qd3 cxb4 $15) 28... Ke7 {[%csl Ye7]}
29. c5 bxc5 30. Rxc5 Rxc5 (30... Ra7 31. Kg1 $14) 31. bxc5 Nb7 32. c6 $1 dxc6
33. Qe4 $14 {[%csl Ra6,Rc6,Re6,Re7]} Rc8 34. Bxa6 Nc5 $2 ({The only move was:} 
34... Rd8 35. Rc1 (35. Rxd8 Nxd8 36. Bd3 $14 {[%csl Ga3][%cal Ga3a4]}) 35...
Na5 36. Qe3 Bd4 37. Qe1 Rd5 $14 {White's advantage is more symbolic than a
real one.}) 35. Qc4 Nxa6 36. Qxa6 $16 {Now white's advantage is clear.His
knight is much better than black's bishop,and finally his queen successfully
has penetrated to black's camp.} Rc7 $2 {Mistake drags other mistake.It was
better immediately to give up the Pc6 and find a safe place for a king:} (36...
Re8 37. Qxc6 Kf8 $16) 37. Qb6 Rd7 38. Qc5+ Kd8 39. Rb1 $1 Bd4 $2 {It at once
loses a game.} (39... Rd5 $142 40. Qxc6 Ba5 41. g5 hxg5 42. Nxg5 $1 Rxg5 (42...
Qxg5 $2 43. Rb8+ Ke7 44. Re8+ Kf7 45. Qxe6#) 43. Rb8+ Ke7 44. Re8+ Kf7 45. Qd7+
Kg6 46. Rxe6 $18) 40. Qxc6 $2 {Ivan Sokolov misses very simple way to finish
the game immediately,although it is not so difficult win. Well maybe they both
were in zeitnot?} (40. Nxd4 $1 Rxd4 (40... Qxd4 $2 41. Qf8+ Kc7 42. Qb8#) 41.
Rb8+ Kd7 42. Rf8 {[%csl Rd4,Yf6][%cal Yf6d4,Gf8f6]} Rd1+ $140 43. Ke2 Qd4 44.
Rf7+ Kc8 45. Qxc6+ {[%csl Rc8][%cal Gc6b7,Gc6e8]}) 40... Ba7 41. g3 Qf8 ({
Doesn't change a matter:} 41... e5 42. Qe4 Bd4 43. Rb8+ Ke7 44. Nxd4 Rxd4 45.
Qb7+ Rd7 46. Qc8 $18 {[%csl Gb8,Gc8,Re7]}) 42. Qa8+ Ke7 43. Qe4 Qc8 $6 {
Releases the knight from Pf2.} 44. Ne5 $18 Rc7 45. Kg2 Bc5 46. Qh7 Qa8+ (46...
Kf6 47. Re1 $18) 47. Kh3 Kf6 48. Qg6+ $1 Kxe5 $140 49. Re1+ Be3 (49... Kd4 50.
Rd1+ Kc3 (50... Ke5 51. f4#) (50... Kc4 51. Qd3#) 51. Qd3+ Kb2 52. Rb1+ Ka2 53.
Qb3#) (49... Kd5 50. Qe4+ Kd6 51. Qxe6#) (49... Kd6 50. Qxe6#) 50. Rxe3+ 1-0